The MEN Quiz: all answers include the word MEN - Statistics

General Stats
  • This quiz has been taken 39 times
  • The average score is 7 of 15
Answer Stats
Hint Answer % Correct
Country starting with Y Yemen
97%
A restaurant's range of options Menu
89%
To fix something Mend
86%
Austalian band whose big hit was Down Under Men at Work
75%
California state capital Sacramento
72%
John Steinbeck classic book Of Mice and Men
64%
Infection of the protective membranes that surround the brain and spinal cord Meningitis
50%
Henry Fonda classic film 12 Angry Men
36%
(of work) not requiring much skill and lacking prestige Menial
36%
A substance such as salt or pickle that is used to add flavour to food Condiment
33%
Sitcom (starred Rob Schneider in US verson and Martin Clunes in the UK) Men Behaving Badly
33%
Egg white Albumen
28%
A feeling of sadness due to Unfulfilled hopes or expectations Disappointment
17%
Shakespeare comedy Two Gentlemen of Verona
11%
American-born violinist and conductor who died in 1999 Yehudi Menuhin
6%
No matching quizzes found
Score Distribution
Percent of People with Each Score
Percentile by Number Answered
Your Score History
You have not taken this quiz